Southville International School and Colleges
Your cart is empty.
  • Cart
  • Lists
    Public lists Eva Luna New books Lux_list list_1
    Your lists Log in to create your own lists
  • Log in to your account
  • Your cookies
  • Search history
Southville International School and Colleges
  • Advanced search
  • Recent comments
  • Most popular
  • Libraries

Log in to your account

Log in with GOOGLE


If you do not have an external account, but do have a local account, you can still log in:

  1. Home
  2. MARC view: Accounting fundamentals made easy /
Normal view MARC view ISBD view

Accounting fundamentals made easy / (Record no. 305128)

[ view plain ]
MARC details
000 -LEADER
fixed length control field 00538nam a2200181Ia 4500
003 - CONTROL NUMBER IDENTIFIER
control field SISC
005 - DATE AND TIME OF LATEST TRANSACTION
control field 20160928104653.0
008 - FIXED-LENGTH DATA ELEMENTS--GENERAL INFORMATION
fixed length control field 140711s9999 xx 000 0 und d
020 ## - INTERNATIONAL STANDARD BOOK NUMBER
International Standard Book Number 9789710165223
050 ## - LIBRARY OF CONGRESS CALL NUMBER
Classification number HF 5635
Item number .B188 2016
100 ## - MAIN ENTRY--PERSONAL NAME
Personal name Ballada, Win.
245 ## - TITLE STATEMENT
Title Accounting fundamentals made easy /
Statement of responsibility, etc Win Ballada, Susan Ballada.
250 ## - EDITION STATEMENT
Edition statement 4th edition.
260 ## - PUBLICATION, DISTRIBUTION, ETC. (IMPRINT)
Place of publication, distribution, etc Manila, Philippines :
Name of publisher, distributor, etc DomDane Publishers,
Date of publication, distribution, etc 2016.
300 ## - PHYSICAL DESCRIPTION
Extent xiv, 342 pages :
Other physical details illustrations ;
Dimensions 26 cm.
942 ## - ADDED ENTRY ELEMENTS (KOHA)
Call number prefix Local
Koha item type Books
Source of classification or shelving scheme Library of Congress Classification
Holdings
Withdrawn status Lost status Source of classification or shelving scheme Damaged status Home library Current library Shelving location Date acquired Source of acquisition Total Checkouts Total Renewals Full call number Barcode Date last seen Date checked out Price effective from Koha item type
    Library of Congress Classification   College Library College Library Filipiniana Section 09/28/2016 Library Fund 7 87 HF 5635 .B188 2016 C20707 11/08/2023 09/21/2023 09/28/2016 Books

Accounting fundamentals made easy /

APA

Ballada W., . (2016). Accounting fundamentals made easy. Manila, Philippines: DomDane Publishers.

Chicago

Ballada Win, . 2016. Accounting fundamentals made easy. Manila, Philippines: DomDane Publishers.

Harvard

Ballada W., . (2016). Accounting fundamentals made easy. Manila, Philippines: DomDane Publishers.

MLA

Ballada Win, . Accounting fundamentals made easy. Manila, Philippines: DomDane Publishers. 2016.

  • Place hold
  • Print
  • Cite
  • Add to your cart (remove)
  • Save record
    BIBTEX Dublin Core MARCXML MARC (non-Unicode/MARC-8) MARC (Unicode/UTF-8) MARC (Unicode/UTF-8, Standard) MODS (XML) RIS
  • More searches
    Search for this title in:
    Other Libraries (WorldCat) Other Databases (Google Scholar) Online Stores (Bookfinder.com) Open Library (openlibrary.org)

Exporting to Dublin Core...

SOUTHVILLE LIBRARY

Southville International School and Colleges Library

1281 Tropical Ave. Cor. Luxembourg St., BF Homes International, Las Pinas City

Tel. No. 8256374 / 252358 Loc. 117/146

Powered by Koha